| 000 | 00722nam a22002411 4500 | ||
|---|---|---|---|
| 001 | sa 68014558 | ||
| 003 | DLC | ||
| 005 | 20260227112632.0 | ||
| 008 | 780307s1965 io b 00010 ind | ||
| 010 | _asa 68014558 | ||
| 025 | _aPL480:Indo-5218 | ||
| 035 | _aocl73678514 | ||
| 040 | _cCtY-D | ||
| 050 | 0 |
_aHN31 _b.V46 1965 |
|
| 100 | 1 | 0 | _aVerkuyl, Johannes. |
| 245 | 1 | 0 |
_aBeberapa masalah etika sosial-ekonomis _c[oleh] J. Verkuyl. Di-Indonesiakan oleh G. M. A. Nainggolan. |
| 250 | _aTjet. 2. | ||
| 260 | 0 |
_aDjakarta, _bBadan Penerbit Kristen _c[1965] |
|
| 300 |
_a163 p. _c21 cm. |
||
| 490 | 0 | _aSeri etika Kristen, djil. II, 1 | |
| 504 | _aBibliography: p. 161-163. | ||
| 650 | 0 | _aChurch and social problems. | |
| 999 |
_c85876 _d85876 |
||